[Event "Laval op U1800"]
[Site "Laval CAN"]
[Date "2016.06.24"]
[Round "3.1"]
[White "Mathieu, Jeremie"]
[Black "Baran, Marius"]
[Result "1/2-1/2"]
[WhiteElo "1556"]
[BlackElo "1772"]
[PlyCount "150"]
[EventDate "2016.06.23"]
[EventType "swiss"]
[EventRounds "7"]
[EventCountry "CAN"]

1. e4 c5 2. c4 Nc6 3. Nc3 Nf6 4. g3 e6 5. Bg2 Be7 6. Nge2 O-O 7. d3 d6 8. O-O
a6 9. a3 Bd7 10. h3 Rb8 11. Rb1 b5 12. cxb5 axb5 13. b4 Nd4 14. Be3 e5 15. bxc5
dxc5 16. f4 Bd6 17. fxe5 Bxe5 18. Bf4 Qe7 19. Kh2 Qd6 20. Nxd4 Qxd4 21. Ne2 Qd6
22. Bxe5 Qxe5 23. d4 cxd4 24. Qxd4 Qxd4 25. Nxd4 Rfe8 26. Rfe1 Re5 27. Nf3 Rxe4
28. Rxe4 Nxe4 29. Ne5 Bf5 30. g4 Nd2 31. Rb2 Be4 32. Rxd2 Bxg2 33. Kxg2 f6 34.
Nc6 Rb6 35. Rd6 Kf8 36. Kf3 Ra6 37. Rd8+ Kf7 38. Nd4 Rxa3+ 39. Kg2 Ra2+ 40. Kg3
Ra3+ 41. Nf3 b4 42. Rb8 Rb3 43. Kf4 g5+ 44. Ke4 Kg6 45. Rg8+ Kf7 46. Rh8 Kg7
47. Rb8 Kg6 48. h4 h5 49. gxh5+ Kxh5 50. hxg5 fxg5 51. Rb5 Kh6 52. Nxg5 Rb1 53.
Kd3 b3 54. Nf3 b2 55. Kc2 Rf1 56. Nd2 Re1 57. Kxb2 Kg6 58. Kc2 Kf6 59. Kd3 Re5
60. Ne4+ Kf5 61. Ng3+ Kf6 62. Nh5+ Kf5 63. Rb6 Ra5 64. Ng7+ Ke5 65. Rh6 Ra3+
66. Kc4 Ra4+ 67. Kb5 Ra1 68. Rh5+ Ke4 69. Ne8 Rb1+ 70. Kc4 Rc1+ 71. Kb3 Rb1+
72. Kc2 Rb6 73. Rc5 Kd4 74. Rc3 Kd5 75. Nc7+ Kd6 1/2-1/2

[Event "Laval op U1800"]
[Site "Laval CAN"]
[Date "2016.06.25"]
[Round "4.1"]
[White "Cloutier, Jean-Pierre"]
[Black "Baran, Marius"]
[Result "1-0"]
[WhiteElo "1597"]
[BlackElo "1772"]
[PlyCount "73"]
[EventDate "2016.06.23"]
[EventType "swiss"]
[EventRounds "7"]
[EventCountry "CAN"]

1. e4 c5 2. Nc3 d6 3. f4 Nc6 4. Nf3 e6 5. Bb5 Bd7 6. Bxc6 Bxc6 7. O-O Qc7 8. d3
Nf6 9. Qe1 O-O-O 10. a4 a6 11. Rb1 d5 12. e5 Nd7 13. a5 Be7 14. d4 cxd4 15.
Nxd4 Bc5 16. Be3 Bxd4 17. Bxd4 b5 18. axb6 Nxb6 19. b3 Kd7 20. Ra1 Ra8 21. Qf2
Rhb8 22. f5 Qd8 23. fxe6+ fxe6 24. Qf7+ Qe7 25. Qxe7+ Kxe7 26. Bc5+ Kd8 27.
Rf8+ Be8 28. Bd6 Rc8 29. Ne2 Kd7 30. Rg8 Bf7 31. Rxg7 Ke8 32. Rf1 Ra7 33. Nd4
Rd8 34. Bc5 Rb7 35. Bxb6 Rdd7 36. Bc5 Rbc7 37. Rg8+ 1-0

[Event "Laval op U1800"]
[Site "Laval CAN"]
[Date "2016.06.25"]
[Round "5.1"]
[White "Cloutier, Jean-Pierre"]
[Black "Mathieu, Jeremie"]
[Result "0-1"]
[WhiteElo "1597"]
[BlackElo "1556"]
[PlyCount "54"]
[EventDate "2016.06.23"]
[EventType "swiss"]
[EventRounds "7"]
[EventCountry "CAN"]

1. e4 e5 2. f4 exf4 3. Nf3 d5 4. exd5 Nf6 5. Nc3 Nxd5 6. Nxd5 Qxd5 7. d4 Be7 8.
c4 Qe4+ 9. Kf2 Bg4 10. Be2 Nc6 11. Re1 O-O-O 12. Ng5 Bxe2 13. Rxe2 Qg6 14. Nf3
Qd6 15. Kf1 g5 16. c5 Qxc5 17. Qe1 Qc4 18. b3 Qd3 19. Bb2 Rhe8 20. Rd1 Qa6 21.
Kg1 Bb4 22. Rxe8 Bxe1 23. Rexe1 g4 24. Ng5 Qxa2 25. Ba1 Qxb3 26. Nxh7 f3 27.
Nf6 Qc2 0-1

[Event "Laval op U1800"]
[Site "Laval CAN"]
[Date "2016.06.26"]
[Round "6.1"]
[White "Mathieu, Jeremie"]
[Black "Nica, Ion"]
[Result "1/2-1/2"]
[WhiteElo "1556"]
[BlackElo "1735"]
[PlyCount "66"]
[EventDate "2016.06.23"]
[EventType "swiss"]
[EventRounds "7"]
[EventCountry "CAN"]

1. e4 d5 2. exd5 Nf6 3. Nc3 Nxd5 4. Nxd5 Qxd5 5. Nf3 Bg4 6. Be2 Nc6 7. d3 e5 8.
O-O Be7 9. h3 Bh5 10. c3 Bg6 11. Qb3 Qd7 12. Rd1 Bf5 13. Be3 Na5 14. Qc2 Bf6
15. b3 Nc6 16. Rd2 h6 17. Rad1 g5 18. Qb2 g4 19. hxg4 Bxg4 20. d4 e4 21. Ne5
Bxe5 22. dxe5 Qe6 23. Bxg4 Qxg4 24. c4 Rg8 25. g3 h5 26. Kf1 Qf3 27. e6 fxe6
28. Bf4 h4 29. Qf6 Qh1+ 30. Ke2 Qf3+ 31. Kf1 Qh1+ 32. Ke2 Qf3+ 33. Kf1 Qh1+
1/2-1/2

[Event "Laval op U1800"]
[Site "Laval CAN"]
[Date "2016.06.26"]
[Round "7.1"]
[White "Nica, Ion"]
[Black "Kozlov, Guennadi"]
[Result "1/2-1/2"]
[WhiteElo "1735"]
[BlackElo "1726"]
[PlyCount "170"]
[EventDate "2016.06.23"]
[EventType "swiss"]
[EventRounds "7"]
[EventCountry "CAN"]

1. d4 d5 2. e4 e6 3. e5 c5 4. c3 Nc6 5. Nf3 Qb6 6. Bd3 Bd7 7. Bc2 cxd4 8. cxd4
Bb4+ 9. Nc3 Nge7 10. O-O Ng6 11. Na4 Qc7 12. Bg5 Be7 13. Rc1 Qd8 14. Bxe7 Qxe7
15. Nc5 Bc8 16. Ba4 O-O 17. Qd2 Nd8 18. Rc2 b6 19. Nd3 Nb7 20. Rfc1 Na5 21. Rc7
Qd8 22. b3 a6 23. Qe1 Nb7 24. b4 b5 25. Bb3 Rb8 26. R7c6 Ra8 27. Rc7 Rb8 28.
R7c6 Ra8 29. Nc5 Nxc5 30. R6xc5 Bb7 31. Rc7 Rb8 32. R1c3 Ne7 33. Bc2 Nc8 34.
Qe3 h6 35. Qd3 g6 36. h4 h5 37. Ng5 Ne7 38. Bd1 Nf5 39. g4 Nxh4 40. f4 Bc8 41.
Qg3 f6 42. Nh7 fxe5 43. Nxf8 Kxf8 44. fxe5 hxg4 45. Bxg4 Qg5 46. Rxc8+ Rxc8 47.
Rxc8+ Kg7 48. Rc7+ Kf8 49. Rc2 Nf5 50. Qf3 Ke7 51. Rg2 Qc1+ 52. Kh2 Qh6+ 53.
Bh3 Kd7 54. Qg4 Qe3 55. Qxg6 Qf4+ 56. Kh1 Qf1+ 57. Kh2 Qf4+ 58. Rg3 Qf2+ 59.
Bg2 Nxg3 60. Qxg3 Qxd4 61. Qg7+ Kc6 62. Qf6 Qg4 63. Bh3 Qe2+ 64. Kg3 Qe1+ 65.
Kh2 Qe2+ 66. Bg2 Qg4 67. Bf3 Qg8 68. Qh4 Qg6 69. Qf2 Qh6+ 70. Kg2 Qg5+ 71. Qg3
Qd2+ 72. Qf2 Qg5+ 73. Qg3 Qd2+ 74. Kh3 Qxb4 75. Qg8 Qe7 76. Qc8+ Kb6 77. Qb8+
Ka5 78. Qd6 Qxd6 79. exd6 Kb6 80. Bg4 Kc6 81. Bxe6 Kxd6 82. Bg8 b4 83. Kg3 Kc5
84. Kf3 Kc4 85. Ke3 b3 1/2-1/2

[Event "Leo McMahon"]
[Site "Brantford CAN"]
[Date "2016.02.04"]
[Round "1"]
[White "Archer, Nicholas"]
[Black "Nurmi, Kari"]
[Result "0-1"]
[WhiteElo "933"]
[BlackElo "1772"]
[PlyCount "48"]
[EventDate "2016.02.04"]
[EventType "swiss"]
[EventRounds "4"]
[EventCountry "CAN"]

1. e4 d6 2. Nf3 Nf6 3. Nc3 g6 4. Bc4 Bg7 5. d4 O-O 6. Be3 Nxe4 7. Nxe4 d5 8.
Bd3 dxe4 9. Bxe4 c5 10. O-O f5 11. Qd3 fxe4 12. Qxe4 Nc6 13. c3 Bf5 14. Qh4
cxd4 15. cxd4 e5 16. Rad1 Qxh4 17. Nxh4 exd4 18. Bf4 Bc2 19. Rd2 d3 20. Nf3
Rxf4 21. Ne1 Bxb2 22. Nxc2 dxc2 23. Rxc2 Bd4 24. Kh1 Raf8 0-1

[Event "Leo McMahon"]
[Site "Brantford CAN"]
[Date "2016.02.04"]
[Round "1"]
[White "Gashgarian, Robert"]
[Black "Samwell, Lukas"]
[Result "1-0"]
[WhiteElo "1717"]
[BlackElo "1163"]
[PlyCount "69"]
[EventDate "2016.02.04"]
[EventType "swiss"]
[EventRounds "4"]
[EventCountry "CAN"]

1. Nf3 d5 2. d4 Nc6 3. Bf4 Nf6 4. e3 Bf5 5. Bb5 e6 6. Nbd2 Bb4 7. c3 Be7 8. O-O
O-O 9. Qe2 a6 10. Bd3 Qd7 11. e4 Bg6 12. e5 Bxd3 13. Qxd3 Ng4 14. Ng5 Bxg5 15.
Bxg5 h6 16. Bh4 b5 17. f4 Rae8 18. f5 exf5 19. Rxf5 Re7 20. Raf1 Qe8 21. a4
Ncxe5 22. dxe5 Nxe5 23. Qxd5 c6 24. Qe4 bxa4 25. Bxe7 Qxe7 26. Qxe5 Qd7 27. Nc4
g6 28. Rf6 c5 29. Qf4 Qd5 30. Rxg6+ fxg6 31. Qxf8+ Kh7 32. Rf7+ Qxf7 33. Qxf7+
Kh8 34. Ne5 h5 35. Nxg6# 1-0

[Event "Leo McMahon"]
[Site "Brantford CAN"]
[Date "2016.02.04"]
[Round "1"]
[White "Vlasov, John"]
[Black "Osborne, Chris"]
[Result "1-0"]
[WhiteElo "1848"]
[BlackElo "1123"]
[PlyCount "103"]
[EventDate "2016.02.04"]
[EventType "swiss"]
[EventRounds "4"]
[EventCountry "CAN"]

1. d4 d5 2. Nf3 e6 3. g3 Nf6 4. Bg2 c5 5. dxc5 Bxc5 6. O-O O-O 7. Nbd2 Nc6 8.
c4 d4 9. Nb3 Qd6 10. a3 a6 11. Qc2 Rb8 12. Nxc5 Qxc5 13. b4 Qe7 14. b5 axb5 15.
cxb5 Na7 16. a4 e5 17. Ba3 Qd8 18. Bxf8 Qxf8 19. Nxe5 Qd6 20. Nd3 Bf5 21. Qc5
Qxc5 22. Nxc5 b6 23. Nb3 d3 24. exd3 Bxd3 25. Rfe1 h6 26. Rac1 Nc8 27. Bh3 Nd6
28. Red1 Bxb5 29. axb5 Nxb5 30. Bf1 Na7 31. Rc7 Nc8 32. Bh3 Ne8 33. Rd8 Kf8 34.
Rcxc8 Rxc8 35. Rxc8 Ke7 36. Rxe8+ Kxe8 37. Kg2 Ke7 38. Kf3 Kd6 39. Ke4 g6 40.
g4 f6 41. Bf1 Kc6 42. Bc4 b5 43. Bf7 g5 44. Kf5 b4 45. Kxf6 Kb5 46. Kg6 Ka4 47.
Kxh6 Ka3 48. Kxg5 Kb2 49. h4 Kc2 50. h5 Kd3 51. h6 Ke2 52. f4 1-0

[Event "Leo McMahon"]
[Site "Brantford CAN"]
[Date "2016.02.11"]
[Round "2"]
[White "Hendon, Lee"]
[Black "Gashgarian, Robert"]
[Result "0-1"]
[WhiteElo "1551"]
[BlackElo "1717"]
[PlyCount "71"]
[EventDate "2016.02.04"]
[EventType "swiss"]
[EventRounds "4"]
[EventCountry "CAN"]

1. e4 e5 2. Nf3 Nc6 3. Bc4 Bc5 4. c3 Bb6 5. O-O Qe7 6. d3 h6 7. b4 Nf6 8. a4 a5
9. b5 Nb8 10. Ba3 d6 11. h3 Nbd7 12. Re1 O-O 13. Nbd2 Bc5 14. Bb2 Kh8 15. d4
Bb6 16. Ba3 Nh7 17. Nf1 Ng5 18. Nxg5 Qxg5 19. Re3 f5 20. Rg3 Qf6 21. Qh5 fxe4
22. Rg6 Qxf2+ 23. Kh1 Nf6 24. Rxh6+ gxh6 25. Qxh6+ Nh7 26. Nh2 Qf6 27. Qh5 exd4
28. Rf1 Qg7 29. Bf7 Qg5 30. Qe2 Bf5 31. Bc1 e3 32. Nf3 d3 33. Qb2 Qg7 34. Ba2
d2 35. Nxd2 exd2 36. Bxd2 0-1

[Event "Leo McMahon"]
[Site "Brantford CAN"]
[Date "2016.02.11"]
[Round "2"]
[White "Nurmi, Kari"]
[Black "McDonald, Brian"]
[Result "1-0"]
[WhiteElo "1772"]
[BlackElo "1269"]
[PlyCount "64"]
[EventDate "2016.02.04"]
[EventType "swiss"]
[EventRounds "4"]
[EventCountry "CAN"]

1. c4 c5 2. Nc3 e6 3. e4 Nc6 4. g3 Nf6 5. Bg2 d6 6. d3 Be7 7. Nge2 e5 8. O-O
Be6 9. h3 Qd7 10. Kh2 h5 11. f4 exf4 12. gxf4 g6 13. b3 Nh7 14. d4 cxd4 15.
Nxd4 Nxd4 16. Qxd4 O-O 17. Bb2 f6 18. Rad1 a6 19. Nd5 Rad8 20. f5 Bf7 21. fxg6
Bxg6 22. Ne3 Qe6 23. Qd3 Ng5 24. Nf5 Rd7 25. h4 Nf7 26. Bh3 Kh7 27. Ng3 Ne5 28.
Bxe5 Qxe5 29. Bxd7 f5 30. exf5 Bf7 31. Rde1 Qf6 32. Rxe7 Qxe7 1-0

[Event "Leo McMahon"]
[Site "Brantford CAN"]
[Date "2016.02.18"]
[Round "3"]
[White "Gashgarian, Robert"]
[Black "Nurmi, Kari"]
[Result "1-0"]
[WhiteElo "1717"]
[BlackElo "1772"]
[PlyCount "137"]
[EventDate "2016.02.04"]
[EventType "swiss"]
[EventRounds "4"]
[EventCountry "CAN"]

1. d4 f5 2. Nf3 Nf6 3. g3 g6 4. Bg2 Bg7 5. O-O O-O 6. Nbd2 d6 7. Re1 Nc6 8. e4
fxe4 9. Nxe4 Nxe4 10. Rxe4 Bf5 11. Re1 e5 12. dxe5 dxe5 13. Qxd8 Raxd8 14. c3
Rd6 15. Ng5 Rfd8 16. Ne4 Rd1 17. Bg5 Rxa1 18. Rxa1 Rf8 19. Rd1 h6 20. Be3 a6
21. h3 Be6 22. b3 Nd8 23. Nc5 Bc8 24. Be4 Kh7 25. Kg2 Re8 26. g4 c6 27. Nd7 Ne6
28. Nb6 Nf4+ 29. Kh2 Be6 30. c4 Ne2 31. f3 Nd4 32. Rd2 Bf8 33. h4 Bc5 34. Na4
Nxf3+ 35. Bxf3 Bxe3 36. Rd3 Bd4 37. Kg3 Rf8 38. Nc3 Bxc3 39. Rxc3 Rd8 40. Re3
Kg7 41. Rxe5 Kf6 42. Re2 Rd4 43. Be4 Rd1 44. Rf2+ Kg7 45. Kf4 Rg1 46. Bf3 Re1
47. Re2 Rxe2 48. Bxe2 Kf6 49. g5+ hxg5+ 50. hxg5+ Ke7 51. Bd3 Bf7 52. Ke5 Be8
53. c5 Bf7 54. Be4 Be8 55. b4 Bf7 56. a3 Be8 57. a4 Bf7 58. b5 axb5 59. axb5
Be8 60. bxc6 bxc6 61. Bd3 Bf7 62. Ba6 Be8 63. Bc8 Bf7 64. Bg4 Be8 65. Be6 Bd7
66. Bxd7 Kxd7 67. Kf6 Ke8 68. Kxg6 Kf8 69. Kh7 1-0

[Event "Leo McMahon"]
[Site "Brantford CAN"]
[Date "2016.02.18"]
[Round "3"]
[White "Hendon, Lee"]
[Black "Vlasov, John"]
[Result "1-0"]
[WhiteElo "1551"]
[BlackElo "1848"]
[PlyCount "83"]
[EventDate "2016.02.04"]
[EventType "swiss"]
[EventRounds "4"]
[EventCountry "CAN"]

1. e4 c5 2. Nf3 e6 3. d4 cxd4 4. Nxd4 a6 5. c4 Ne7 6. Nc3 Qc7 7. Be3 Nec6 8.
Be2 Nxd4 9. Bxd4 Nc6 10. Be3 Be7 11. O-O O-O 12. Na4 d6 13. Bb6 Qd7 14. Qb3 Nb8
15. Rfd1 Qc6 16. Bf3 e5 17. Nc3 Be6 18. Nd5 Bxd5 19. cxd5 Qb5 20. Bg4 g6 21.
Rac1 f5 22. exf5 gxf5 23. Bh5 Qxb3 24. axb3 Bd8 25. Bxd8 Rxd8 26. Rc7 Nd7 27.
Rdc1 Kf8 28. g4 Rab8 29. gxf5 Ke7 30. f4 Rg8+ 31. Kf2 exf4 32. h3 Kd8 33. Bf7
Rg3 34. Be6 Ne5 35. R1c2 Rxh3 36. Kg1 Nf3+ 37. Kg2 Rg3+ 38. Kf2 Nd4 39. Rd7+
Ke8 40. Rcc7 Rh3 41. Re7+ Kf8 42. Rf7+ 1-0

[Event "Leo McMahon"]
[Site "Brantford CAN"]
[Date "2016.02.18"]
[Round "3"]
[White "McDonald, Brian"]
[Black "Samwell, Lukas"]
[Result "1-0"]
[WhiteElo "1269"]
[BlackElo "1163"]
[PlyCount "45"]
[EventDate "2016.02.04"]
[EventType "swiss"]
[EventRounds "4"]
[EventCountry "CAN"]

1. b4 e5 2. Bb2 Nc6 3. b5 Nb4 4. c4 Nf6 5. a3 Bc5 6. axb4 Bxb4 7. Bxe5 O-O 8.
Qb3 Bc5 9. e3 d6 10. Bb2 Bf5 11. d4 Bb6 12. Bd3 Bxd3 13. Qxd3 Qe7 14. Nc3 a6
15. Nf3 c5 16. O-O Nd7 17. Nd5 Qd8 18. Nxb6 Qxb6 19. Rfb1 a5 20. Ng5 g6 21. Qc3
Qd8 22. dxc5 dxc5 23. Qg7# 1-0

[Event "Leo McMahon"]
[Site "Brantford CAN"]
[Date "2016.02.18"]
[Round "3"]
[White "Osborne, Chris"]
[Black "Archer, Nicholas"]
[Result "1-0"]
[WhiteElo "1123"]
[BlackElo "933"]
[PlyCount "59"]
[EventDate "2016.02.04"]
[EventType "swiss"]
[EventRounds "4"]
[EventCountry "CAN"]

1. Nf3 d6 2. c4 Bf5 3. g3 e5 4. Bg2 c6 5. Nc3 Bg6 6. d3 Nd7 7. O-O Be7 8. b4 f5
9. Qb3 Ngf6 10. Ng5 O-O 11. Ne6 Qc8 12. Nxf8 Qxf8 13. b5 Rb8 14. Be3 Nb6 15.
Bxb6 axb6 16. bxc6 bxc6 17. Bxc6 Bf7 18. Nd5 Be6 19. a4 f4 20. gxf4 Bh3 21.
Rfe1 Ng4 22. Nxe7+ Qxe7 23. c5+ Kh8 24. d4 exf4 25. Qxh3 Qg5 26. Kf1 dxc5 27.
Bf3 cxd4 28. Qxg4 h6 29. Qxg5 hxg5 30. Red1 1-0

[Event "Leo McMahon"]
[Site "Brantford CAN"]
[Date "2016.02.25"]
[Round "4"]
[White "McDonald, Brian"]
[Black "Gashgarian, Robert"]
[Result "1-0"]
[WhiteElo "1269"]
[BlackElo "1717"]
[PlyCount "54"]
[EventDate "2016.02.04"]
[EventType "swiss"]
[EventRounds "4"]
[EventCountry "CAN"]

1. b4 c6 2. Bb2 d5 3. e3 a5 4. a3 axb4 5. axb4 Rxa1 6. Bxa1 Qb6 7. c3 e5 8. Qb3
Be6 9. Na3 Nd7 10. Nc2 Bd6 11. Nf3 f6 12. e4 Ne7 13. exd5 cxd5 14. Be2 O-O 15.
O-O Rc8 16. Rb1 Bb8 17. Qa4 Qd6 18. g3 Nb6 19. Qa5 Nc4 20. Bxc4 dxc4 21. Ne3
Nd5 22. Qb5 Nxe3 23. dxe3 Qd3 24. Re1 Bd5 25. Nh4 g5 26. Qd7 Rf8 27. Nf5 Qxf5
1-0

[Event "Leo McMahon"]
[Site "Brantford CAN"]
[Date "2016.02.25"]
[Round "4"]
[White "Nurmi, Kari"]
[Black "Vlasov, John"]
[Result "1-0"]
[WhiteElo "1772"]
[BlackElo "1848"]
[PlyCount "82"]
[EventDate "2016.02.04"]
[EventType "swiss"]
[EventRounds "4"]
[EventCountry "CAN"]

1. c4 c5 2. Nc3 Nf6 3. e4 d6 4. f4 Nc6 5. Nf3 Bg4 6. Be2 e6 7. h3 Bxf3 8. Bxf3
Qc7 9. d3 a6 10. O-O Be7 11. a3 O-O 12. Rb1 Rab8 13. b4 cxb4 14. axb4 Nd4 15.
b5 Rfd8 16. Be3 Nxf3+ 17. Qxf3 d5 18. exd5 exd5 19. Nxd5 Nxd5 20. cxd5 Qd6 21.
bxa6 Qxa6 22. Rb3 h6 23. Bb6 Rdc8 24. Rfb1 Rc2 25. Bd4 b5 26. Be5 Bd6 27. Bxd6
Qxd6 28. Rxb5 Rxb5 29. Rxb5 Rc1+ 30. Kh2 g5 31. Qe3 Rc8 32. Qe5 Qg6 33. Rb8
Rxb8 34. Qxb8+ Kh7 35. d4 g4 36. f5 Qg5 37. Qe5 gxh3 38. Qe4 hxg2 39. f6+ Kh8
40. Qe8+ Qg8 41. Qxg8+ Kxg8 1-0

[Event "Leo McMahon"]
[Site "Brantford CAN"]
[Date "2016.02.25"]
[Round "4"]
[White "Osborne, Chris"]
[Black "Hendon, Lee"]
[Result "0-1"]
[WhiteElo "1123"]
[BlackElo "1551"]
[PlyCount "56"]
[EventDate "2016.02.04"]
[EventType "swiss"]
[EventRounds "4"]
[EventCountry "CAN"]

1. Nf3 Nc6 2. c4 b6 3. g3 Bb7 4. Bg2 Ne5 5. d3 g6 6. Nbd2 Bg7 7. Rb1 Nf6 8. b4
d6 9. Bb2 Ned7 10. O-O O-O 11. a4 a5 12. Bd4 axb4 13. Bxf6 Bxf6 14. Rxb4 Ra7
15. Ne4 Bg7 16. Rb1 Qa8 17. a5 Rxa5 18. Qb3 Bxe4 19. dxe4 Qxe4 20. Qd3 Nc5 21.
Nd2 Qxd3 22. exd3 Nxd3 23. Nb3 Ra2 24. f4 e5 25. f5 Bh6 26. Bd5 Be3+ 27. Kh1
Nf2+ 28. Kg2 gxf5 0-1

[Event "Ligue elite du dimanche 2016-17"]
[Site "Montreal CAN"]
[Date "2016.09.18"]
[Round "1"]
[White "Luo, Zhao"]
[Black "Yao, Houji"]
[Result "0-1"]
[WhiteElo "2073"]
[BlackElo "2028"]
[PlyCount "90"]
[EventDate "2016.09.18"]
[EventType "team"]
[EventRounds "5"]
[EventCountry "CAN"]

1. d4 Nf6 2. Nf3 c5 3. e3 g6 4. Be2 Bg7 5. O-O O-O 6. c3 b6 7. Nbd2 Bb7 8. a4
Qc7 9. a5 Nc6 10. Nc4 d5 11. a6 Bxa6 12. Rxa6 dxc4 13. Bxc4 Na5 14. Bb5 Rfd8
15. Qa4 Ne4 16. Rxa5 bxa5 17. Bc6 Nd6 18. Bxa8 Rxa8 19. Rd1 Rb8 20. dxc5 Qxc5
21. Nd4 Bxd4 22. Rxd4 Rb5 23. e4 Kg7 24. Rd5 Qc6 25. Qd4+ f6 26. Qxa7 Rb7 27.
Qd4 Rb5 28. h3 Kf7 29. Qa4 Ke6 30. Bf4 Qb6 31. Bxd6 Rxd5 32. exd5+ Kxd6 33. Qa2
Qc5 34. c4 Qb4 35. Kf1 a4 36. Ke2 Ke5 37. Kd3 Qe1 38. Qxa4 Qxf2 39. Qc2 Qg3+
40. Kd2 Qxg2+ 41. Kc1 Qf1+ 42. Kd2 Qg2+ 43. Kc1 Qf1+ 44. Kd2 Qxh3 45. b4 Kd4
0-1

[Event "Ligue elite du dimanche 2016-17"]
[Site "Montreal CAN"]
[Date "2016.09.25"]
[Round "2"]
[White "Luo, Zhao"]
[Black "Guipi Bopala, Prince Eric jr"]
[Result "1-0"]
[WhiteElo "2073"]
[BlackElo "1785"]
[PlyCount "53"]
[EventDate "2016.09.18"]
[EventType "team"]
[EventRounds "5"]
[EventCountry "CAN"]

1. d4 d5 2. Nf3 e6 3. e3 Nf6 4. Bd3 Be7 5. O-O O-O 6. b3 b6 7. Bb2 Bb7 8. Nbd2
Nbd7 9. Ne5 Nxe5 10. dxe5 Nd7 11. Qh5 g6 12. Qh6 c5 13. f4 Re8 14. Nf3 Bf8 15.
Qh3 Bg7 16. Qg4 Rc8 17. c4 Qc7 18. Ng5 Nf8 19. Rad1 Red8 20. cxd5 Bxd5 21. e4
Bb7 22. f5 exf5 23. exf5 Bxe5 24. fxg6 f6 25. gxh7+ Kh8 26. Bxe5 fxe5 27. Nf7+
1-0

[Event "Ligue elite du dimanche 2016-17"]
[Site "Montreal CAN"]
[Date "2016.09.25"]
[Round "2"]
[White "Zhu, Hong Rui"]
[Black "Yao, Houji"]
[Result "1-0"]
[WhiteElo "2303"]
[BlackElo "2028"]
[PlyCount "67"]
[EventDate "2016.09.18"]
[EventType "team"]
[EventRounds "5"]
[EventCountry "CAN"]

1. e4 c5 2. Ne2 Nf6 3. Nbc3 a6 4. d4 cxd4 5. Nxd4 Qc7 6. Bg5 e6 7. Qf3 Qe5 8.
Bxf6 gxf6 9. O-O-O Nc6 10. Nb3 b5 11. g3 Bb7 12. Qe2 Bb4 13. f4 Qc7 14. Rd3 Na5
15. Nxa5 Qxa5 16. a3 Be7 17. Bg2 b4 18. axb4 Bxb4 19. Kb1 Rc8 20. Na2 Be7 21.
Rhd1 Bc6 22. Nc3 Kf8 23. e5 fxe5 24. Bxc6 dxc6 25. fxe5 Rg8 26. Rf1 Rg7 27. Qh5
f5 28. Rxf5+ Kg8 29. Rf4 Rd8 30. Rd7 Rf8 31. Qh6 Qxe5 32. Rxe7 Rxf4 33. Rxg7+
Qxg7 34. Qxf4 1-0

[Event "Ligue elite du dimanche 2016-17"]
[Site "Montreal CAN"]
[Date "2016.10.02"]
[Round "3"]
[White "Huang, Qiuyu"]
[Black "Zhu, Hong Rui"]
[Result "0-1"]
[WhiteElo "2119"]
[BlackElo "2303"]
[Annotator "Lefong Hua"]
[PlyCount "90"]
[EventDate "2016.09.18"]
[EventType "team"]
[EventRounds "5"]
[EventCountry "CAN"]

1. e4 c5 2. Nf3 g6 3. d4 cxd4 4. Nxd4 Nc6 5. Nc3 Bg7 6. Be3 Nf6 7. Bc4 O-O 8.
Bb3 a5 9. a4 Ng4 10. Qxg4 Nxd4 11. Bxd4 Bxd4 12. Qg3 d6 13. h4 Be6 14. Bd5 Qb6
15. Rb1 Bxc3+ 16. Qxc3 Bxd5 17. exd5 Rac8 18. Qd2 Rc4 19. O-O Rxh4 20. b3 Qb4
21. Qxb4 axb4 22. Rfe1 Re8 23. c4 bxc3 24. Rbc1 Rc8 25. Re3 c2 26. Re2 Rb4 27.
Rcxc2 Rxc2 28. Rxc2 Rxb3 29. Rc7 Kf8 30. Rc4 b5 31. axb5 Rxb5 32. Rd4 Kg7 33.
g4 g5 34. Kg2 Kg6 35. Kg3 h5 36. gxh5+ Kxh5 37. Re4 Rb7 38. Re1 Kg6 39. Re4 Kf5
40. f3 Kf6 41. Rd4 Rb2 42. Rd1 Re2 43. f4 Re3+ 44. Kg4 Re4 45. Kg3 Rxf4 0-1

[Event "Ligue elite du dimanche 2016-17"]
[Site "Montreal CAN"]
[Date "2016.11.06"]
[Round "4"]
[White "Huang, Qiuyu"]
[Black "Luo, Zhao"]
[Result "1-0"]
[WhiteElo "2105"]
[BlackElo "2073"]
[PlyCount "71"]
[EventDate "2016.09.18"]
[EventType "team"]
[EventRounds "5"]
[EventCountry "CAN"]

1. e4 c6 2. d4 d5 3. exd5 cxd5 4. Bd3 Nf6 5. c3 Bg4 6. Qb3 Qd7 7. Bf4 Nc6 8.
Nd2 e6 9. Ngf3 Bxf3 10. Nxf3 Bd6 11. Bg5 h6 12. Bd2 Rc8 13. Qd1 O-O 14. O-O Qc7
15. Re1 a6 16. Qe2 Nd7 17. g3 Rfe8 18. Nh4 Be7 19. Bf4 Bd6 20. Bxd6 Qxd6 21. f4
b5 22. a4 b4 23. Bxa6 Rc7 24. Bb5 bxc3 25. bxc3 Na5 26. Qb2 Rec8 27. Qb4 Qxb4
28. cxb4 Nb3 29. Rad1 Nf6 30. f5 Ne4 31. fxe6 fxe6 32. Rd3 Nc1 33. Ra3 Rc3 34.
Bd7 Kf7 35. Bxc8 Rxa3 36. Rxc1 1-0

[Event "Ligue elite du dimanche 2016-17"]
[Site "Montreal CAN"]
[Date "2016.11.12"]
[Round "5"]
[White "Luo, Zhao"]
[Black "Zhu, Hong Rui"]
[Result "0-1"]
[WhiteElo "2091"]
[BlackElo "2297"]
[PlyCount "58"]
[EventDate "2016.09.18"]
[EventType "team"]
[EventRounds "5"]
[EventCountry "CAN"]

1. d4 d5 2. Nf3 e6 3. e3 Bd6 4. Bd3 f5 5. c4 c6 6. Nc3 Nf6 7. Qa4 O-O 8. b4
dxc4 9. Bxc4 b5 10. Bxb5 cxb5 11. Qxb5 a5 12. bxa5 Rxa5 13. Qb3 Kh8 14. a4 Nc6
15. Bd2 Ne4 16. Rc1 Nxd2 17. Nxd2 Ba6 18. Nc4 Bxc4 19. Qxc4 Qd7 20. O-O Nb4 21.
Nb5 Rxa4 22. Ra1 Rxa1 23. Rxa1 Nc6 24. Qa4 Rb8 25. Qa6 Bf8 26. Nc3 Nb4 27. Qa5
Nc2 28. Ra2 Bb4 29. Qa8 Qc8 0-1

[Event "Ligue elite du dimanche 2016-17"]
[Site "Montreal CAN"]
[Date "2016.11.12"]
[Round "5"]
[White "Yao, Houji"]
[Black "Huang, Qiuyu"]
[Result "0-1"]
[WhiteElo "2028"]
[BlackElo "2105"]
[PlyCount "88"]
[EventDate "2016.09.18"]
[EventType "team"]
[EventRounds "5"]
[EventCountry "CAN"]

1. d4 d5 2. c4 e6 3. Nc3 Be7 4. Nf3 Nf6 5. Bg5 h6 6. Bh4 O-O 7. e3 b6 8. cxd5
exd5 9. Bd3 Bb7 10. O-O c5 11. b3 Ne4 12. Bxe7 Qxe7 13. Rc1 Nd7 14. Bb1 Rac8
15. dxc5 Nxc3 16. Rxc3 bxc5 17. Qc1 Nf6 18. Qa3 Rc6 19. Rfc1 Nd7 20. Qxa7 Rb8
21. Qa3 Rf6 22. Qb2 Rxf3 23. gxf3 d4 24. exd4 cxd4 25. Rc7 Qg5+ 26. Kf1 Ba6+
27. R7c4 Ne5 28. Qc2 d3 29. Qd1 Bxc4 30. bxc4 Nxf3 31. Bxd3 Nxh2+ 32. Ke2 Re8+
33. Be4 Rxe4+ 34. Kd3 Qe5 35. Qb3 Ng4 36. Qc3 Nxf2+ 37. Kc2 Qb8 38. Qb3 Re2+
39. Kb1 Qe5 40. a3 Nd3 41. Rc3 Re1+ 42. Ka2 Nc1+ 43. Rxc1 Rxc1 44. Qb2 Qxb2+
0-1

[Event "Ligue elite du dimanche 2016.01"]
[Site "Montreal CAN"]
[Date "2016.01.31"]
[Round "1"]
[White "Ouellet, Maili-Jade"]
[Black "Fan, Run Kun"]
[Result "1-0"]
[WhiteElo "2023"]
[BlackElo "2067"]
[Annotator "Lefong Hua"]
[PlyCount "79"]
[EventDate "2016.01.31"]
[EventType "team"]
[EventRounds "7"]
[EventCountry "CAN"]

1. d4 d5 2. c4 c6 3. Nf3 e6 4. Nc3 Nf6 5. Bg5 dxc4 6. e4 b5 7. e5 h6 8. Bh4 g5
9. Nxg5 hxg5 10. Bxg5 Nbd7 11. g3 Rg8 12. Bxf6 Nxf6 13. exf6 Bb7 14. Bg2 Qb6
15. Qh5 Rg6 16. O-O O-O-O 17. Ne2 Rxf6 18. Rad1 Rf5 19. Qg4 Be7 20. Be4 Rg5 21.
Qf4 Rg7 22. Bf3 Qc7 23. Qe3 Rgg8 24. Nc3 Bg5 25. Qe2 Bf6 26. Qe3 Qd7 27. Ne2
Qd6 28. b3 cxb3 29. Qxb3 a6 30. a4 Kb8 31. axb5 cxb5 32. Bxb7 Kxb7 33. Qf3+ Qd5
34. Qxf6 Rd7 35. Rc1 Qe4 36. Qe5 Qd3 37. Rfd1 Qa3 38. Qe4+ Ka7 39. Rc3 Qb4 40.
Rdc1 1-0